=LDR 00000nam 2200000 4500 =001 INLIS000000000046269 =005 20150305093734.0 =006 =007 =008 =020 ##$$a 979-538-106-7 =035 ##$$0010-031500000000041 =082 ##$$a 342.029 =090 ##$$a 342.029 Man p =100 ##$$a Bagir Manan =245 ##$$a Pertumbuhan dan perkembangan konstitusi suatu negara =260 ##$$a Bandung $b Mandar Maju $c 1995 =300 ##$$a viii. 108 hlm $c 21 cm =850 ##$$aNBPNMAT =990 ##$$a 0001/BPAP-NTB/20142015